000 01982nam1a2200325 i 4500
001 RU\NLR\bibl\320685
005 20260407080033.0
035 _a(NLR Aleph) 000315729
090 _a65614
_c65614
100 _a20021016g20019999k y0rusy50 ca
101 0 _arus
102 _aRU
105 _aa |||||||||
200 1 _aЧтения памяти Владимира Яковлевича Леванидова, Владивосток, 20-22 марта 2001 г.
_dVladimir Ya. Levanidov's biennial memorial meetings, Vladivostok, March 20-22, 2001
_zeng
210 _aВладивосток
_cДальнаука
_d2001
215 _d26
300 _aВ надзаг.: Рос. акад. наук. Дальневост. отд-ние, Совет по пробл. экологии и чрезвычайн. ситуациям "Экология Дал. Востока и прилегающих морей", Биол.-почв. ин-т, Тихоокеан. ин-т рыб. хоз-ва и океанографии (ТИНТО-Центр, СахНИРО)
463 0 _1001308535
510 0 _aVladimir Ya. Levanidov's biennial memorial meetings, Vladivostok,March 20-22, 2001
_zeng
600 1 _aЛеванидов
_bВ. Я.
_f1913-1981
_gВладимир Яковлевич
_2psbo
600 1 _aЛеванидов
_bВ.Я.
_f1913 - 1981
_gВладимир Яковлевич
_92262992
_3RU\NLR\auth\661356731
606 0 _aГидробиологические исследования
_jСъезды, совещания и т.п.
_yДальний Восток Российской Федерации
_92332264
_3RU\NLR\auth\661394602
686 _aЕ082д(2)Леванидов
686 _aЕ082.5(2Р55)я431(2)
710 1 2 _aЧтения памяти В. Я. Леванидова
_d1
_f2001
_eВладивосток
_3RU\NLR\AUTH\8810040330
_9579752
801 0 _aRU
_bNLR
_c20021016
_gPSBO
801 1 _aRU
_bNLR
_c20021016
852 _aNLR
_j2002-7/3715
942 _cBOOK